| Tag |
First Indicator |
Second Indicator |
Subfields |
| LEADER |
00000cam a2200000Ka 4500 |
| 001 |
in00002563821 |
| 005 |
20151201114902.0 |
| 008 |
090314s2009 ua ab b 001 0deng d |
| 020 |
|
|
|a 9789774163043
|
| 020 |
|
|
|a 9774163044
|
| 035 |
|
|
|a (OCoLC)ocn316039214
|
| 035 |
|
|
|a (OCoLC)316039214
|
| 040 |
|
|
|a BTCTA
|c BTCTA
|d BWX
|d OCLCQ
|d YDXCP
|d UtOrBLW
|
| 049 |
|
|
|a TXAM
|
| 050 |
|
4 |
|a DT87.5
|b .D63 2009
|
| 082 |
0 |
|
|a 962
|
| 100 |
1 |
|
|a Dodson, Aidan,
|d 1962-
|
| 245 |
1 |
0 |
|a Amarna sunset :
|b Nefertiti, Tutankhamun, Ay, Horemheb, and the Egyptian counter-reformation /
|c Aidan Dodson.
|
| 264 |
|
1 |
|a Cairo ;
|a New York :
|b American University in Cairo Press,
|c 2009.
|
| 300 |
|
|
|a xxiii, 207 pages :
|b illustrations, maps ;
|c 24 cm.
|
| 336 |
|
|
|a text
|b txt
|2 rdacontent
|
| 337 |
|
|
|a unmediated
|b n
|2 rdamedia
|
| 338 |
|
|
|a volume
|b nc
|2 rdacarrier
|
| 504 |
|
|
|a Includes bibliographical references and index.
|
| 600 |
0 |
0 |
|a Akhenaton,
|c King of Egypt.
|
| 651 |
|
0 |
|a Egypt
|x History
|y Eighteenth dynasty, ca. 1570-1320 B.C.
|
| 650 |
|
0 |
|a Pharaohs
|v Biography.
|
| 938 |
|
|
|a Baker and Taylor
|b BTCP
|n BK0008235308
|
| 938 |
|
|
|a Blackwell Book Service
|b BBUS
|n R0825213
|c $24.95
|
| 938 |
|
|
|a YBP Library Services
|b YANK
|n 3083226
|
| 945 |
|
|
|a PromptCat
|b 945761
|
| 946 |
|
|
|a stk
|
| 947 |
|
|
|a A14840262487
|
| 994 |
|
|
|a 92
|b TXA
|
| 948 |
|
|
|a cataloged
|b h
|d 2010/4/9
|h c
|e asalazar
|f 2:20:02 pm
|
| 999 |
|
|
|a MARS
|
| 999 |
f |
f |
|s f5118f85-3475-32e3-90c1-7143d44adf40
|i c5bfc238-19d7-3145-b50e-d654b80b5f45
|t 0
|
| 952 |
f |
f |
|p normal
|a Texas A&M University
|b College Station
|c Sterling C. Evans Library
|d Evans: Library Stacks
|t 0
|e DT87.5 .D63 2009
|h Library of Congress classification
|i unmediated -- volume
|m A14840262487
|
| 998 |
f |
f |
|a DT87.5 .D63 2009
|t 0
|l Evans: Library Stacks
|